| 000 | 00364nam a2200145Ia 4500 | ||
|---|---|---|---|
| 008 | 230312s9999||||xx |||||||||||||| ||und|| | ||
| 082 |
_a297.63 _bYAS-S |
||
| 100 | _aڈاکٹر ا یم یسین ظفر | ||
| 245 | 0 | _aSeerat ul Nabi (سیرت النبی) | |
| 260 |
_bAzhar Publishers _aLahore |
||
| 300 | _a292 | ||
| 546 | _aUrdu | ||
| 650 | _aLiterature | ||
| 942 | _cBK | ||
| 999 |
_c37 _d37 |
||